[Event "La Fere op 11th"]
[Site "La Fere"]
[Date "2012.07.12"]
[Round "7"]
[White "Casier, Fabrice"]
[Black "Paris, Pierre Julien"]
[Result "1/2-1/2"]
[WhiteElo "1769"]
[BlackElo "1592"]
[PlyCount "63"]
[EventDate "2012.07.07"]
[EventType "swiss"]
[EventRounds "9"]
[EventCountry "FRA"]
[SourceTitle "CBM 149 Extra"]
[Source "ChessBase"]
[SourceDate "2012.08.24"]
[SourceVersion "1"]
[SourceVersionDate "2012.08.24"]
[SourceQuality "1"]

1. c4 c5 2. Nc3 b6 3. Nf3 Bb7 4. e3 e6 5. Be2 Nf6 6. 0-0 Be7 7. d4 d5 8. cxd5 Nxd5 9. Bb5+ Nd7 10. Nxd5 exd5 11. Ne5 Bc8 12. dxc5 0-0 13. Qxd5 Nxe5 14. Qxa8 Bxc5 15. Qe4 Qe7 16. f4 Ng6 17. Qxe7 Nxe7 18. Kh1 Bb7 19. a3 Nf5 20. Re1 a5 21. Bd2 Rd8 22. Rad1 h5 23. e4 Nh6 24. h3 Rd4 25. Bc3 Rxd1 26. Rxd1 Bxe4 27. Rd8+ Kh7 28. Bd3 Bxd3 29. Rxd3 Nf5 30. Rd5 Ng3+ 31. Kh2 Nf1+ 32. Kh1 1/2-1/2

[Event "La Fere op 8th"]
[Site "La Fere"]
[Date "2009.07.10"]
[Round "8"]
[White "Casier, Fabrice"]
[Black "Duquenne, Eric"]
[Result "1-0"]
[WhiteElo "1820"]
[BlackElo "2024"]
[PlyCount "77"]
[EventDate "2009.07.04"]
[EventType "swiss"]
[EventRounds "9"]
[EventCountry "FRA"]
[SourceTitle "CBM 131 Extra"]
[Source "ChessBase"]
[SourceDate "2009.09.03"]
[SourceVersion "2"]
[SourceVersionDate "2009.09.16"]
[SourceQuality "1"]

1. c4 c5 2. Nc3 Nc6 3. g3 a6 4. Bg2 e6 5. e3 Nf6 6. Nge2 Be7 7. 0-0 d6 8. d4 Bd7 9. d5 Na5 10. b3 0-0 11. Bb2 Rb8 12. Qc2 b6 13. Rad1 Qc7 14. e4 Ng4 15. h3 Ne5 16. f4 Ng6 17. f5 exf5 18. exf5 Ne5 19. Ne4 f6 20. Nf4 b5 21. cxb5 axb5 22. Ne6 Bxe6 23. dxe6 Rfd8 24. Nc3 Nac6 25. Nd5 Qa7 26. Bc1 Bf8 27. Kh2 Ne7 28. Qe2 N7c6 29. Be3 Ne7 30. Nxe7+ Qxe7 31. Rd5 Nc6 32. Rfd1 Nb4 33. R5d2 Qc7 34. Bf4 Be7 35. Qh5 Bf8 36. g4 Rbc8 37. g5 fxg5 38. Bxg5 Be7 39. Qf7+ 1-0

[Event "La Fere op 8th"]
[Site "La Fere"]
[Date "2009.07.06"]
[Round "3"]
[White "Pruvost, Alain"]
[Black "Casier, Fabrice"]
[Result "1/2-1/2"]
[WhiteElo "1602"]
[BlackElo "1820"]
[PlyCount "96"]
[EventDate "2009.07.04"]
[EventType "swiss"]
[EventRounds "9"]
[EventCountry "FRA"]
[SourceTitle "CBM 131 Extra"]
[Source "ChessBase"]
[SourceDate "2009.09.03"]
[SourceVersion "2"]
[SourceVersionDate "2009.09.16"]
[SourceQuality "1"]

1. b4 d5 2. c4 e6 3. Bb2 Nf6 4. b5 Be7 5. e3 0-0 6. Nf3 c6 7. a4 cxb5 8. axb5 b6 9. cxd5 Nxd5 10. Be2 Bb7 11. 0-0 Nd7 12. d4 N7f6 13. Ba3 Bxa3 14. Rxa3 Qe7 15. Qb3 Rfc8 16. Bc4 Ne4 17. Nbd2 Nd6 18. Rfa1 Nxc4 19. Nxc4 a5 20. e4 Nb4 21. Nxb6 Nc2 22. Nxc8 Rxc8 23. Rxa5 Nxa1 24. Rxa1 Bxe4 25. b6 Bb7 26. h3 Qd6 27. Rb1 h6 28. Qb2 Qd5 29. Rc1 Rxc1+ 30. Qxc1 Kf8 31. Qc5+ Ke8 32. Qxd5 Bxd5 33. Ne5 f6 34. Nd3 Kd7 35. Nc5+ Kc6 36. b7 Kc7 37. f4 g5 38. g3 Bxb7 39. Nxe6+ Kd6 40. f5 Bc8 41. Kf2 Bxe6 42. fxe6 Kxe6 43. g4 f5 44. gxf5+ Kxf5 45. Ke3 h5 46. Kf3 g4+ 47. hxg4+ hxg4+ 48. Kg3 Ke4 1/2-1/2

[Event "La Fere op 7th"]
[Site "La Fere"]
[Date "2008.07.06"]
[Round "3"]
[White "Caulier, Amaury"]
[Black "Casier, Fabrice"]
[Result "1/2-1/2"]
[WhiteElo "1600"]
[BlackElo "1831"]
[PlyCount "49"]
[EventDate "2008.07.05"]
[EventType "swiss"]
[EventRounds "9"]
[EventCountry "FRA"]
[SourceTitle "CBM 125 Extra"]
[Source "ChessBase"]
[SourceDate "2008.09.01"]
[SourceVersion "1"]
[SourceVersionDate "2008.09.01"]
[SourceQuality "1"]

1. d4 Nf6 2. c4 c5 3. d5 e6 4. Nc3 exd5 5. Nxd5 Nxd5 6. cxd5 Bd6 7. e4 0-0 8. Qg4 Re8 9. Bd3 Be5 10. Nf3 d6 11. Qh5 g6 12. Qh6 Bg7 13. Qf4 Qf6 14. Qxf6 Bxf6 15. 0-0 Nd7 16. Rb1 Ne5 17. Nxe5 Bxe5 18. b4 b6 19. Bb2 Bxb2 20. Rxb2 c4 21. Bc2 b5 22. f3 Bd7 23. a4 a6 24. a5 Rac8 25. Re1 1/2-1/2

[Event "La Fere op 6th"]
[Site "La Fere"]
[Date "2007.07.13"]
[Round "9"]
[White "Dumas, Victor"]
[Black "Casier, Fabrice"]
[Result "1/2-1/2"]
[WhiteElo "1681"]
[BlackElo "1878"]
[PlyCount "52"]
[EventDate "2007.07.07"]
[EventType "swiss"]
[EventRounds "9"]
[EventCountry "FRA"]
[SourceTitle "CBM 119 Extra"]
[Source "ChessBase"]
[SourceDate "2007.09.04"]
[SourceVersion "1"]
[SourceVersionDate "2007.09.04"]
[SourceQuality "1"]

1. e4 d5 2. exd5 Qxd5 3. Nc3 Qa5 4. d4 c6 5. Bf4 Nf6 6. Bc4 Bf5 7. Nge2 e6 8. a3 a6 9. b4 Qd8 10. 0-0 Bd6 11. Bxd6 Qxd6 12. Qd2 0-0 13. Rfe1 Nbd7 14. Ng3 Bg6 15. Nce4 Nxe4 16. Nxe4 Bxe4 17. Rxe4 Nf6 18. Ree1 Rfd8 19. c3 c5 20. bxc5 Qxc5 21. Bd3 Qa5 22. Qb2 b5 23. Qb4 Qc7 24. Be4 Rac8 25. Rac1 Qb6 26. Qb2 Nxe4 1/2-1/2

[Event "La Fere op 6th"]
[Site "La Fere"]
[Date "2007.07.08"]
[Round "2"]
[White "Casier, Fabrice"]
[Black "Jimenez, Martin"]
[Result "1-0"]
[WhiteElo "1878"]
[BlackElo "1720"]
[PlyCount "97"]
[EventDate "2007.07.07"]
[EventType "swiss"]
[EventRounds "9"]
[EventCountry "FRA"]
[SourceTitle "CBM 119 Extra"]
[Source "ChessBase"]
[SourceDate "2007.09.04"]
[SourceVersion "1"]
[SourceVersionDate "2007.09.04"]
[SourceQuality "1"]

1. c4 b6 2. e4 Bb7 3. Nc3 e6 4. Qb3 c5 5. Be2 Nc6 6. Nf3 d6 7. 0-0 Nf6 8. d3 Be7 9. h3 0-0 10. Be3 e5 11. Nd2 Nd4 12. Qd1 Nxe2+ 13. Nxe2 Nd7 14. f4 exf4 15. Bxf4 f5 16. Ng3 fxe4 17. Ndxe4 d5 18. Nd6 Bxd6 19. Bxd6 Rxf1+ 20. Qxf1 dxc4 21. dxc4 Nf6 22. Be5 Kf7 23. Rd1 Qe7 24. Qf5 Bc8 25. Qf4 Kg8 26. Bxf6 Qxf6 27. Qxf6 gxf6 28. Rd8+ Kf7 29. Nf5 Bb7 30. Rd7+ Ke6 31. Rxb7 Kxf5 32. Rxh7 Ke4 33. Rd7 Kf5 34. Kf2 Kg5 35. Kf3 f5 36. g3 Kf6 37. Kf4 Ke6 38. Rd5 Rh8 39. h4 Rh5 40. Rd8 Rh7 41. Rf8 Rh5 42. Rg8 Kf6 43. Rg5 Rxg5 44. hxg5+ Kg6 45. a4 a6 46. b3 a5 47. g4 fxg4 48. Kxg4 Kg7 49. Kf5 1-0

[Event "Fenain op"]
[Site "Fenain"]
[Date "2007.02.27"]
[Round "6.9"]
[White "Casier, Fabrice"]
[Black "Leroux, Mathieu"]
[Result "1-0"]
[WhiteElo "1872"]
[BlackElo "2020"]
[PlyCount "87"]
[EventDate "2007.02.24"]
[EventType "swiss"]
[EventRounds "7"]
[EventCountry "FRA"]
[SourceTitle "CBM 117 Extra"]
[Source "ChessBase"]
[SourceDate "2007.05.09"]
[SourceVersion "1"]
[SourceVersionDate "2007.05.09"]
[SourceQuality "1"]

1. c4 f5 2. Nc3 Nf6 3. d3 e5 4. e4 d6 5. f4 Nc6 6. Nf3 g6 7. Be2 Bg7 8. 0-0 0-0 9. Rb1 a5 10. a3 Ng4 11. h3 Nh6 12. Nd5 Nf7 13. b4 axb4 14. axb4 Bd7 15. b5 Ne7 16. fxe5 Nxd5 17. exd5 Nxe5 18. Ng5 Qf6 19. d4 Nf7 20. Nf3 Rfe8 21. Bd3 f4 22. Re1 Ng5 23. Bb2 Rxe1+ 24. Nxe1 Bxh3 25. gxh3 Nxh3+ 26. Kf1 Qh4 27. Qf3 Ng5 28. Qf2 Qh1+ 29. Qg1 Qh5 30. Ra1 Rxa1 31. Bxa1 f3 32. Qg3 Qh1+ 33. Qg1 Qh3+ 34. Kf2 Qh5 35. Qg3 Nh3+ 36. Kf1 f2 37. Nf3 Qh6 38. Bb2 Bxd4 39. Nxd4 Nf4 40. Be4 Nh3 41. Qg4 Qd2 42. Qc8+ Kf7 43. Qd7+ Kg8 44. Qe8+ 1-0

[Event "Fenain op"]
[Site "Fenain"]
[Date "2007.02.26"]
[Round "2.7"]
[White "Bessat, Remy"]
[Black "Casier, Fabrice"]
[Result "1-0"]
[WhiteElo "2030"]
[BlackElo "1872"]
[PlyCount "107"]
[EventDate "2007.02.24"]
[EventType "swiss"]
[EventRounds "7"]
[EventCountry "FRA"]
[SourceTitle "CBM 117 Extra"]
[Source "ChessBase"]
[SourceDate "2007.05.09"]
[SourceVersion "1"]
[SourceVersionDate "2007.05.09"]
[SourceQuality "1"]

1. d4 Nf6 2. c4 c5 3. d5 e6 4. Nc3 exd5 5. cxd5 Bd6 6. Nf3 0-0 7. Bg5 Re8 8. e3 h6 9. Bh4 Bc7 10. Bd3 d6 11. 0-0 a6 12. a4 Bg4 13. h3 Bh5 14. g4 Bg6 15. Bxg6 fxg6 16. Qd3 g5 17. Bg3 Nbd7 18. Qf5 Ne5 19. Nxe5 dxe5 20. e4 Qd6 21. Qf3 Rf8 22. Qd3 Nd7 23. Nd1 Rf7 24. Kg2 Nf8 25. Ne3 Ng6 26. Nf5 Qd7 27. f3 Bd6 28. b3 Nf4+ 29. Bxf4 gxf4 30. h4 Kh7 31. h5 a5 32. Rac1 b6 33. Rh1 Qd8 34. Rh2 Rd7 35. Kh1 Raa7 36. Rg1 Be7 37. Nxe7 Qxe7 38. Qf1 Qg5 39. Qh3 Rac7 40. Rc1 Rd6 41. Qh4 Qxh4 42. Rxh4 Kg8 43. Rh2 Kf7 44. Rg2 g5 45. hxg6+ Rxg6 46. Rh2 Ke8 47. Rh5 Re7 48. Kg2 Kd7 49. Rch1 c4 50. bxc4 Kd6 51. Rxh6 Rxh6 52. Rxh6+ Kc5 53. Rc6+ Kb4 54. Rxb6+ 1-0

[Event "Fenain op 8th"]
[Site "Fenain "]
[Date "2006.02.14"]
[Round "6"]
[White "Casier, Fabrice"]
[Black "Durczak, Mathieu"]
[Result "0-1"]
[WhiteElo "1928"]
[BlackElo "2060"]
[PlyCount "58"]
[EventDate "2006.02.11"]
[EventType "swiss"]
[EventRounds "7"]
[EventCountry "FRA"]
[SourceTitle "EXT 2008"]
[Source "ChessBase"]
[SourceDate "2007.11.25"]
[SourceVersion "1"]
[SourceVersionDate "2007.11.25"]
[SourceQuality "1"]

1. c4 e5 2. Nc3 Nc6 3. g3 f5 4. Bg2 Nf6 5. d3 d6 6. e3 Be7 7. Nge2 0-0 8. 0-0 Qe8 9. Nd5 Bd8 10. Nec3 Ne7 11. b4 Ng6 12. c5 dxc5 13. bxc5 c6 14. Nxf6+ Bxf6 15. Rb1 Kh8 16. Ne2 Qe7 17. Qc2 Rd8 18. Rd1 Be6 19. d4 Rd7 20. f4 exd4 21. Nxd4 Rad8 22. Bb2 Bxa2 23. Nxf5 Bxb1 24. Rxb1 Qe6 25. Bxf6 Qxf6 26. e4 Rd2 27. Qa4 Rb2 28. Rxb2 Qxb2 29. Nd6 Qc1+ 0-1

[Event "Fenain op 8th"]
[Site "Fenain "]
[Date "2006.02.12"]
[Round "3"]
[White "Friess, Nicolas"]
[Black "Casier, Fabrice"]
[Result "1-0"]
[WhiteElo "2214"]
[BlackElo "1928"]
[PlyCount "51"]
[EventDate "2006.02.11"]
[EventType "swiss"]
[EventRounds "7"]
[EventCountry "FRA"]
[SourceTitle "EXT 2008"]
[Source "ChessBase"]
[SourceDate "2007.11.25"]
[SourceVersion "1"]
[SourceVersionDate "2007.11.25"]
[SourceQuality "1"]

1. d4 Nf6 2. c4 c5 3. d5 e6 4. Nc3 exd5 5. cxd5 Bd6 6. Nf3 0-0 7. g3 Bc7 8. Bg2 d6 9. 0-0 Bf5 10. Nh4 Bg4 11. h3 Bh5 12. f4 Nfd7 13. Qe1 f5 14. Nxf5 Bxe2 15. Nh6+ gxh6 16. Qxe2 Nf6 17. g4 Re8 18. Qf3 Kh8 19. b3 Bb6 20. Kh1 c4 21. Bb2 Bd4 22. Qd1 Bxc3 23. Bxc3 Kg8 24. Qd4 Nbd7 25. g5 Nh5 26. Qh8+ 1-0

[Event "La Fere op 4th"]
[Site "La Fere"]
[Date "2005.07.08"]
[Round "9"]
[White "Casier, Fabrice"]
[Black "Rapinel, Franck"]
[Result "0-1"]
[WhiteElo "1976"]
[BlackElo "2148"]
[PlyCount "52"]
[EventDate "2005.07.02"]
[EventType "swiss"]
[EventRounds "9"]
[EventCountry "FRA"]
[SourceTitle "CBM 107 Extra"]
[Source "ChessBase"]
[SourceDate "2005.09.01"]
[SourceVersion "1"]
[SourceVersionDate "2005.09.01"]
[SourceQuality "1"]

1. c4 Nf6 2. Nc3 d5 3. cxd5 Nxd5 4. g3 Nb6 5. Bg2 g6 6. Nf3 Bg7 7. 0-0 0-0 8. d4 Nc6 9. d5 Na5 10. e4 c6 11. dxc6 Qxd1 12. Rxd1 Nxc6 13. Nb5 Bg4 14. Rb1 a6 15. Nc3 Ne5 16. Nxe5 Bxd1 17. Be3 Bxe5 18. Bxb6 Bxc3 19. bxc3 Ba4 20. Bc5 Rfc8 21. Bxe7 Rxc3 22. Bf6 Rc2 23. a3 Rac8 24. Bh3 Rc1+ 25. Rxc1 Rxc1+ 26. Kg2 Bc6 0-1

[Event "Bethune op-B 24th"]
[Site "Bethune"]
[Date "2003.12.27"]
[Round "3"]
[White "Casier, Fabrice"]
[Black "Dincq, Michel"]
[Result "1-0"]
[WhiteElo "1730"]
[BlackElo "1560"]
[PlyCount "87"]
[EventDate "2003.12.26"]
[EventType "swiss"]
[EventRounds "9"]
[EventCountry "FRA"]
[SourceTitle "EXT 2005"]
[Source "ChessBase"]
[SourceDate "2004.11.15"]
[SourceVersion "1"]
[SourceVersionDate "2004.11.15"]
[SourceQuality "1"]

1. c4 e5 2. Nc3 b6 3. Nf3 Nc6 4. g3 Nf6 5. Bg2 Bb7 6. Nxe5 Na5 7. Bxb7 Nxb7 8. 0-0 d6 9. Qa4+ Nd7 10. Qxd7+ Qxd7 11. Nxd7 Kxd7 12. d4 g6 13. e4 f6 14. f4 Bg7 15. b3 Rae8 16. Bb2 Nd8 17. Rad1 c5 18. dxc5 bxc5 19. Rfe1 Kc6 20. Nb5 Re6 21. Nxa7+ Kb6 22. Nb5 Nb7 23. f5 gxf5 24. exf5 Rxe1+ 25. Rxe1 Rd8 26. Re6 Ka5 27. Bxf6 Bxf6 28. Rxf6 d5 29. Nc7 dxc4 30. Ra6+ Kb4 31. Rb6+ Ka3 32. bxc4 Nd6 33. Ne6 Rd7 34. Nxc5 Rd8 35. Nb7 Nxb7 36. Rxb7 h5 37. Rh7 Rd1+ 38. Kg2 Rc1 39. f6 Rxc4 40. f7 Rc8 41. Rxh5 Kxa2 42. Rf5 Rf8 43. g4 Kb3 44. g5 1-0

[Event "FRA-ch op-C"]
[Site "Aix les Bains"]
[Date "2003.08.28"]
[Round "9"]
[White "Mekouar, Reda"]
[Black "Casier, Fabrice"]
[Result "1-0"]
[WhiteElo "1520"]
[BlackElo "1700"]
[PlyCount "65"]
[EventDate "2003.08.19"]
[EventType "swiss"]
[EventRounds "9"]
[EventCountry "FRA"]
[SourceTitle "EXT 2004"]
[Source "ChessBase"]
[SourceDate "2003.11.25"]
[SourceVersion "1"]
[SourceVersionDate "2003.11.25"]
[SourceQuality "1"]

1. e4 d5 2. exd5 Qxd5 3. Nc3 Qa5 4. g3 Nf6 5. Bg2 c6 6. Nf3 Bg4 7. 0-0 e6 8. d4 Bd6 9. Re1 Bb4 10. Bd2 0-0 11. a3 Bxc3 12. Bxc3 Qh5 13. Re5 Qg6 14. Qe2 Nbd7 15. Re3 Nd5 16. Re4 Rfe8 17. Qe1 N7f6 18. Nh4 Qh5 19. Re5 g5 20. Bd2 h6 21. h3 Bf5 22. Bf3 g4 23. hxg4 Nxg4 24. Bxg4 Qxg4 25. Nxf5 exf5 26. Rxe8+ Rxe8 27. Qxe8+ Kg7 28. Kg2 h5 29. c4 Nf6 30. Qe5 h4 31. Rh1 hxg3 32. Qxg3 Qxg3+ 33. fxg3 1-0

[Event "Bethune op-B 23th"]
[Site "Bethune"]
[Date "2002.12.30"]
[Round "7"]
[White "Casier, Fabrice"]
[Black "Holland, Christophe"]
[Result "1/2-1/2"]
[WhiteElo "1650"]
[BlackElo "1550"]
[PlyCount "24"]
[EventDate "2002.12.26"]
[EventType "swiss"]
[EventRounds "7"]
[EventCountry "FRA"]
[SourceTitle "CBM 091 Extra"]
[Source "ChessBase"]
[SourceDate "2003.01.09"]
[SourceVersion "1"]
[SourceVersionDate "2003.01.09"]
[SourceQuality "1"]

1. c4 c6 2. Nc3 d5 3. cxd5 cxd5 4. d4 Nc6 5. Nf3 Nf6 6. Bf4 Bf5 7. e3 e6 8. a3 a6 9. Bd3 Bxd3 10. Qxd3 Bd6 11. Bxd6 Qxd6 12. 0-0 0-0 1/2-1/2